000 00424cam a2200169ua 4500
020 _c1.50
041 _amal
_h
082 _a894.8124
_bGOV/VI
100 _aGovindan Kutty Nair, Ullattil.
245 _aVishwa kanthi /
_cUllatiil Govindan Kutty Nair.
_hTextual Documents
260 _aCalicut :
_bP K Brothers ,
_c1957.
300 _a129 ; .
365 _a1.50
504 _a
942 _cBK
999 _c5809
_d5809